000 00531nam a22002057a 4500
003 OSt
005 20170123145758.0
008 150423b xxu||||| |||| 00| 0 eng d
020 _a0723606668
040 _cDNLM
082 _aWU 101 V26d 1983
100 _aVan Beek Geofrey C,
_94048
245 _aDental Morphology: an illustrated guide
250 _a2nd ed
260 _aOxford :
_bWright ;
_c1983
300 _avii135 p :
_bill;
_c26 cm
504 _aIncludes index
650 _aDental morphology
_94049
942 _2z
_cSLOAN
999 _c1541
_d1541